Statistiques concernant Coupe du Monde 1994 - Un Joueur par équipe

Cliquez ici pour prendre le quiz!

Statistiques générales

  • Ce quiz a été pris 89 fois
  • Le résultat moyen est 19 sur 24

Statistiques - réponses

HintRéponse% Correct
Saeed Al-OwairanArabie Saoudite
96%
Josep "Pep" GuardiolaEspagne
96%
BebetoBrésil
94%
Lee Young-jinCorée du Sud
94%
Dennis BergkampPays-Bas
94%
Roberto BaggioItalie
93%
Henrik LarssonSuède
93%
Gabriel BatistutaArgentine
92%
Florin RăducioiuRoumanie
89%
Hristo StoichkovBulgarie
88%
Jürgen KlinsmannAllemagne
86%
Noureddine NaybetMaroc
86%
Roger MillaCameroun
81%
Dimitris SaravakosGrèce
79%
Marc WilmotsBelgique
75%
Stéphane ChapuisatSuisse
74%
Oleg SalenkoRussie
71%
Ray HoughtonIrlande
63%
Jorge CamposMexique
60%
Kjetil RekdalNorvège
57%
Faryd MondragónColombie
53%
Alexi LalasEtats-Unis
50%
Rashidi YekiniNigeria
47%
Marco EtcheverryBolivie
40%

Distribution des résultats

Percentile par nombre de réponses

% des personnes avec chaque résultat

Votre développement - résultats

Vous n’avez pas pris ce quiz